| 000 | 00573nam a2200145 a 4500 | ||
|---|---|---|---|
| 008 | 120416s1967 ||||||||||||||||| || u | ||
| 050 | _aPR 6073.I4H3 | ||
| 100 | _aWilson, John Rowan | ||
| 245 | 1 | 0 | _aHall of mirrors |
| 260 |
_aLondon _bReprint Society _c1967 |
||
| 300 | _a317p. | ||
| 350 | _a0.00 | ||
| 995 |
_aFICTION Collection _D0.00 _e710760 _FCBU-MAIN LIBRARY (Kitwe) _H2 _I1.00 _jPR 6073.I4H3 _M2 _UAVAILABLE _y010526 _ZFiction Collection |
||
| 995 |
_aFICTION Collection _D0.00 _e710783 _FCBU-MAIN LIBRARY (Kitwe) _H1 _I1.00 _jPR 6073.I4H3 _M1 _UAVAILABLE _y010525 _ZFiction Collection |
||
| 999 |
_c76083 _d76083 |
||